| 000 | 01109cam a2200337 i 4500 | ||
|---|---|---|---|
| 001 | 25837 | ||
| 003 | Mx-PuUPA | ||
| 005 | 20260228112347.0 | ||
| 008 | 140415s1977 sp gr 000 0 spa d | ||
| 017 | _aM. 3.829-1977 | ||
| 020 | _a8423949435 | ||
| 040 |
_cMx-PuUPA _aMx-PuUPA _bspa _dMx-PuUPA _erda |
||
| 041 | 0 | _aspa | |
| 043 | _acl----- | ||
| 043 | _ae-sp--- | ||
| 100 | 1 |
_aMadariaga, Salvador de, _d1886-1978 _910956 _eautor |
|
| 245 | 1 | 3 |
_aEl auge y el ocaso del imperio español en América / _cSalvador de Madariaga |
| 264 | 1 |
_aMadid, España : _bEspasa-Calpe, _c1977 |
|
| 300 |
_a735 páginas ; _c23 cm |
||
| 336 |
_2rdacontent _atexto _btxt |
||
| 337 |
_2rdamedia _asin medio _bn |
||
| 338 |
_2rdacarrier _avolumen _bnc |
||
| 651 | 4 |
_aAmérica Latina _xHistoria _y1492-1810 (Época Colonial) |
|
| 651 | 4 |
_aAmérica Española _xHistoria |
|
| 651 | 4 |
_aAmérica Latina _xHistoria hasta 1830 |
|
| 651 | 4 |
_aAmérica Latina _xCivilización |
|
| 651 | 4 |
_aEspaña _xColonias América _xHistoria |
|
| 942 |
_2ddc _cLI _h980.02 _iM78 |
||
| 999 |
_c25837 _d25837 |
||